| 000 | 00749nam a2200229 a 4500 | ||
|---|---|---|---|
| 999 |
_c3948 _d3948 |
||
| 001 | 3948 | ||
| 003 | BD-JhCC | ||
| 005 | 20171209092617.0 | ||
| 008 | 171119s1967 bg |||| ||a| 00| 0 ben d | ||
| 035 | _a(BD-JhCC)3948 | ||
| 040 |
_aBD-JhCC _dBD-JhCC |
||
| 041 | _aben | ||
| 082 |
_a891.4415 _bMOS 1967 |
||
| 100 | _aমোস্তফা, গোলাম | ||
| 245 |
_aকাব্য-সংকলন / _cগোলাম মোস্তফা; সৈয়দ আলী আশরাফ (সম্পা.) |
||
| 260 |
_aঢাকা : _bবাংলা একাডেমী, _c1967. |
||
| 300 |
_a103 p. : _c22 cm. |
||
| 650 | _aCollection of Poem | ||
| 700 | _aআশরাফ, সৈয়দ আলী | ||
| 942 |
_2ddc _cBK |
||